Trabajar por la palabra 3: programa especial de educación básica para trabajadores
Kaydedildi:
| Asıl Yazarlar: | , , |
|---|---|
| Materyal Türü: | Kitap |
| Dil: | İspanyolca |
| Baskı/Yayın Bilgisi: |
Santiago
Ministerio de Educación
2001
|
| Edisyon: | 6a. ed |
| Konular: | |
| Etiketler: |
Etiketle
Etiket eklenmemiş, İlk siz ekleyin!
|
MARC
| LEADER | 00000nam a2200000 a 4500 | ||
|---|---|---|---|
| 001 | UCL1970 | ||
| 003 | CL-VaPUC | ||
| 008 | 030926e20010000CL |||||||||||||||||spa|d | ||
| 082 | 0 | 4 | |a 374 |b INF |2 21 |
| 100 | |a Infante Roldán, María Isabel |e author |9 562504 | ||
| 700 | |a Letelier G., María Eugenia |e author |9 484414 | ||
| 700 | 0 | |a Sotomayor S., Paola |e author |9 478996 | |
| 245 | 1 | 0 | |a Trabajar por la palabra 3: programa especial de educación básica para trabajadores |
| 250 | |a 6a. ed | ||
| 300 | |a 190 p | ||
| 942 | |c BK | ||
| 945 | |d 20030926 00:00:00 |a cmena | ||
| 260 | |a Santiago |b Ministerio de Educación |c 2001 | ||
| 650 | 0 | |a Educación de adultos |9 307580 | |
| 650 | 0 | |a Educación básica |9 224933 | |
| 650 | 0 | |a Métodos de enseñanza |9 270413 | |
| 583 | |a last modification |c 20120601 11:21:53 |k Rodrigo Vera | ||
| 999 | |c 305400 |d 305398 | ||
| 952 | |0 0 |1 0 |4 0 |6 374_000000000000000_INF_2001 |7 0 |8 A |9 369259 |a BIBEDU |b BIBEDU |d 2019-11-21 |i 394185K |o 374 INF 2001 |p 394185K |r 2019-11-21 |w 2019-11-21 |y BK |k EPE | ||